Countries: Italian to English - Statistics

General Stats
  • This quiz has been taken 66 times
  • The average score is 13 of 15
Answer Stats
Italian English % Correct
Norvegia Norway
98%
Portogallo Portugal
98%
Spagna Spain
98%
Messico Mexico
97%
Svizzera Switzerland
97%
Stati Uniti United States
95%
Svezia Sweden
93%
Gibuti Djibouti
90%
Ungheria Hungary
90%
Giamaica Jamaica
88%
Giappone Japan
83%
Egitto Egypt
80%
Lettonia Latvia
78%
Birmania Burma
57%
Paesi Bassi Netherlands
57%
No matching quizzes found
Score Distribution
Percent of People with Each Score
Percentile by Number Answered
Your Score History
You have not taken this quiz